Top 10 belangrijkste mediterrane havens - Statistieken

Algemene statistieken
  • Deze quiz is 15 keer genomen
  • De gemiddelde score is 3 van 10
Antwoordstatistieken
Hint Antwoord % Correct
F Marseille
92%
EG Alexandrië
54%
GR Piraeus
54%
SP Valencia
46%
DZ Algiers
23%
LB Beiroet
8%
TR Mersin
8%
IT Gioia Tauro
0%
MT Marsaxlokk
0%
MA Tanger Med
0%
Geen overeenkomende quizzen gevonden
Scoreverdeling
Procent van Mensen met Elke Score
Percentiel versus Aantal Correcte Antwoorden
Uw Scoregeschiedenis
U heeft deze quiz nog niet genomen